000 00411cam a2200169ua 4500
020 _c1.25
041 _amal
_h
082 _a320
_bMAN/JA
100 _aMani, M S .
245 _aJanadipathyamm thirukochiyil /
_cM S Mani.
_hTextual Documents
260 _aKottayam :
_bNational Book Stall ,
_c1954.
300 _a136 ;
_eAtlas.
365 _a1.25
504 _a
942 _cBK
999 _c5300
_d5300